Koho prekvapia nové dane a odvody

Zmiešané dopady, miernejšie ako predošlé roky, porušenie legislatívneho procesu či premárnená príležitosť, toto sú hodnotenia, ktoré padajú na adresu tohtoročných daňovo-odvodových zmien. Aj po znížení korporátnej dane z 22 percent na 21 percent zostáva slovenská firemná daň jednou z najvyšších v r...

Descripción completa

Guardado en:
Detalles Bibliográficos
Autor principal: Makarová, Xénia
Otros Autores: Kollárová, Zuzana
Formato: Capítulo de libro
Lenguaje:eslovaco
Materias:
Etiquetas: Agregar Etiqueta
Sin Etiquetas, Sea el primero en etiquetar este registro!

MARC

LEADER 00000naa a2200000 4500
001 0226359
005 20221104112635.5
041 0 |a slo 
044 |a SK 
245 1 0 |a Koho prekvapia nové dane a odvody  |c Xénia Makarová, Zuzana Kollárová 
520 |a Zmiešané dopady, miernejšie ako predošlé roky, porušenie legislatívneho procesu či premárnená príležitosť, toto sú hodnotenia, ktoré padajú na adresu tohtoročných daňovo-odvodových zmien. Aj po znížení korporátnej dane z 22 percent na 21 percent zostáva slovenská firemná daň jednou z najvyšších v regióne. Porovnanie korporátnej dane v Českej republike, Maďarsku, Poľsku, Slovensku a na Ukrajine. Prehľad noviniek v daniach a odvodoch v roku 2017. 
610 2 0 |a dane korporatívne 
610 2 0 |a odvody 
610 2 0 |a podnikatelia 
610 2 0 |a sadzby daňové 
100 1 |a Makarová, Xénia 
700 1 |a Kollárová, Zuzana